Những điều cần biết về xuất nhập cảnh, xuất nhập khẩu, giao dịch thương mại có nhân tố người nước ngoài theo quy định của pháp luật Việt Nam hiện hành

সংরক্ষণ করুন:
গ্রন্থ-পঞ্জীর বিবরন
প্রধান লেখক: VÕ HƯNG THANH
বিন্যাস: গ্রন্থ
ভাষা:Undetermined
প্রকাশিত: Hà Nội Thống Kê 2001
বিষয়গুলি:
ট্যাগগুলো: ট্যাগ যুক্ত করুন
কোনো ট্যাগ নেই, প্রথমজন হিসাবে ট্যাগ করুন!
Thư viện lưu trữ: Trung tâm Học liệu Trường Đại học Cần Thơ
LEADER 00708nam a2200169Ia 4500
001 CTU_46983
008 210402s9999 xx 000 0 und d
082 |a 342.597042 
082 |b Th107 
100 |a VÕ HƯNG THANH 
245 0 |a Những điều cần biết về xuất nhập cảnh, xuất nhập khẩu, giao dịch thương mại có nhân tố người nước ngoài theo quy định của pháp luật Việt Nam hiện hành 
245 0 |c VÕ HƯNG THANH 
260 |a Hà Nội 
260 |b Thống Kê 
260 |c 2001 
650 |a constitutional law,migration and immigration law 
980 |a Trung tâm Học liệu Trường Đại học Cần Thơ